000 00792nam a2200241 i 4500
001 64349
003 ES-MaACL
007 t|
008 031223s1985 sp ||||1| spa d
020 _a84-206-6506-1
100 1 _aFodor, Jerry A.
_951394
245 1 3 _aEl lenguaje del pensamiento /
_cJerry A. Fodor ; versión de Jesús Fernández Zulaica ; presentación y revisión técnica de José E. García-Albea.
260 _aMadrid :
_bAlianza,
_c[1985]
300 _a229 p. ;
_c23 cm.
490 1 _aAlianza psicología ;
_v6
500 _aIndice.
504 _aBibliografía.
700 1 _aFernández Zulaica, Jesús.
_950198
700 1 _aGarcía Albea, José E.
_954123
830 0 _aAlianza psicología ;
_v6
_9178168
852 _aES-MaACL
_jL-8160
_bR.108990
999 _c64349
_d64349